00448nam a2200169Ia 4500008004100000020001800041245004400059245005100103260001500154260001600169260000900185300001500194300002500209300001000234440002600244500000800270170705s9999 xx 000 0 und d a9780590426602 4aThe story of George Washington carver / cEva Moore ; illustrated by Alexander Anderson. aNew York : bScholastic, c1971 a96 pages : bcolor illustration ; c19cm. aScholastic biography. a700